[Event "2015 Lethbridge Open"]
[Site "Lethbridge"]
[Date "2015.04.12"]
[Round "4.7"]
[White "Schech, Roland"]
[Black "Viminitz, Paul"]
[Result "1-0"]
[WhiteElo "1593"]
[BlackElo "1538"]
[PlyCount "71"]
[EventDate "2015.04.11"]
[EventType "swiss"]
[EventRounds "5"]
[EventCountry "CAN"]

1. e4 d6 2. d4 Nf6 3. Nc3 g6 4. Nf3 Bg7 5. Bc4 c6 6. O-O b5 7. Bb3 b4 8. e5
bxc3 9. exf6 Bxf6 10. bxc3 O-O 11. Re1 Bb7 12. Rb1 Qc7 13. Bh6 Bg7 14. Bg5 Re8
15. c4 f6 16. Bf4 Nd7 17. c5+ Kf8 18. cxd6 exd6 19. Qd2 g5 20. Bg3 Rad8 21. Qd3
c5 22. d5 g4 23. Nh4 Ne5 24. Bxe5 Rxe5 25. Rxe5 dxe5 26. Qxh7 Bxd5 27. c4 Bg8
28. Qg6 Qd7 29. h3 gxh3 30. Rd1 Qe7 31. Rxd8+ Qxd8 32. Nf5 Qd7 33. Ba4 Qf7 34.
Qg4 hxg2 35. Nxg7 Qxg7 36. Qc8+ 1-0

[Event "2015 Lethbridge Open"]
[Site "Lethbridge"]
[Date "2015.04.12"]
[Round "5.1"]
[White "Pechenkin, Vladimir"]
[Black "Tran-Ly, Tristan"]
[Result "1-0"]
[WhiteElo "2389"]
[BlackElo "2109"]
[PlyCount "57"]
[EventDate "2015.04.11"]
[EventType "swiss"]
[EventRounds "5"]
[EventCountry "CAN"]

1. c4 g6 2. Nc3 Bg7 3. g3 c5 4. Bg2 Nc6 5. Nf3 Nf6 6. d4 cxd4 7. Nxd4 O-O 8.
O-O Ng4 9. e3 d6 10. b3 Nge5 11. h3 Nxd4 12. exd4 Nc6 13. Be3 e5 14. dxe5 dxe5
15. Bc5 Re8 16. Nb5 Bf8 17. Bxf8 Rxf8 18. Qxd8 Rxd8 19. Rad1 Nd4 20. f4 f6 21.
fxe5 fxe5 22. Nxd4 exd4 23. Bd5+ Kh8 24. g4 a5 25. Rxd4 Ra6 26. Re4 Kg7 27.
Rf7+ Kh6 28. Ree7 Kg5 29. Re5+ 1-0

[Event "2015 Lethbridge Open"]
[Site "Lethbridge"]
[Date "2015.04.12"]
[Round "5.2"]
[White "Nguyen, Kim"]
[Black "Zeggelaar, Mike"]
[Result "1-0"]
[WhiteElo "2222"]
[BlackElo "1880"]
[PlyCount "65"]
[EventDate "2015.04.11"]
[EventType "swiss"]
[EventRounds "5"]
[EventCountry "CAN"]

1. e4 e6 2. d4 d5 3. Nd2 Nf6 4. e5 Nfd7 5. Bd3 c5 6. c3 Nc6 7. Ne2 cxd4 8. cxd4
Be7 9. Nf3 Qb6 10. O-O Nf8 11. h4 Bd7 12. Be3 Nb4 13. Bb1 Bb5 14. Re1 Qa6 15.
Nc3 Bd3 16. Bxd3 Qxd3 17. Qa4+ Nd7 18. Bg5 Qa6 19. Qxa6 Nxa6 20. Nb5 h6 21.
Bxe7 Kxe7 22. Rec1 Nb6 23. Ne1 Rhc8 24. Nd6 Rxc1 25. Rxc1 Rb8 26. Nd3 f6 27. f4
fxe5 28. fxe5 g5 29. h5 Nc4 30. Nxc4 dxc4 31. Rxc4 Rd8 32. a4 Nb8 33. Rc7+ 1-0

[Event "2015 Lethbridge Open"]
[Site "Lethbridge"]
[Date "2015.04.12"]
[Round "5.3"]
[White "Bentley, Bill"]
[Black "Anderson, Mark"]
[Result "1/2-1/2"]
[WhiteElo "1888"]
[BlackElo "1721"]
[PlyCount "97"]
[EventDate "2015.04.11"]
[EventType "swiss"]
[EventRounds "5"]
[EventCountry "CAN"]

1. d4 d5 2. c4 c6 3. Nc3 Nf6 4. e3 Bg4 5. Qb3 Qb6 6. Qxb6 axb6 7. Bd3 e6 8.
Nge2 Bd6 9. O-O O-O 10. f3 Bh5 11. e4 dxe4 12. fxe4 e5 13. d5 Bc5+ 14. Kh1 Ng4
15. Nd1 Nd7 16. Ng3 Bg6 17. Nf5 Bxf5 18. Rxf5 Bd4 19. a3 Nc5 20. Bc2 Nf6 21.
Nc3 Rfe8 22. Bd2 Nfd7 23. Raf1 f6 24. g4 Rf8 25. b4 Rxa3 26. bxc5 Bxc3 27. R5f3
Bb2 28. Rxa3 Bxa3 29. cxb6 Nxb6 30. Bd3 Bc5 31. Ra1 Ra8 32. Rxa8+ Nxa8 33. g5
Kf7 34. Kg2 Nb6 35. Kf3 Nd7 36. gxf6 gxf6 37. Bc2 cxd5 38. cxd5 Nb6 39. Bb3 Ke7
40. Kg4 Nd7 41. h3 Bd6 42. Be3 b5 43. h4 Kf7 44. h5 Kg7 45. Kf5 Kf7 46. Bf2 Ke7
47. Be3 Bc5 48. Bh6 Bf2 49. Bd2 1/2-1/2

[Event "2015 Lethbridge Open"]
[Site "Lethbridge"]
[Date "2015.04.12"]
[Round "5.5"]
[White "Brazeau, Robert"]
[Black "Davies, Jack"]
[Result "1-0"]
[WhiteElo "1837"]
[BlackElo "1692"]
[PlyCount "87"]
[EventDate "2015.04.11"]
[EventType "swiss"]
[EventRounds "5"]
[EventCountry "CAN"]

1. d4 Nf6 2. c4 c5 3. d5 g6 4. Nc3 Bg7 5. e4 d6 6. h3 O-O 7. Nf3 e6 8. Bd3 exd5
9. cxd5 a6 10. a4 Re8 11. O-O Nbd7 12. Bf4 Qc7 13. Rc1 Rb8 14. Re1 Nh5 15. Bh2
Ne5 16. Be2 Nxf3+ 17. Bxf3 Bxc3 18. Rxc3 Ng7 19. Qc1 Bd7 20. b4 b6 21. a5 Rbc8
22. axb6 Qxb6 23. bxc5 Rxc5 24. Rxc5 dxc5 25. Qa1 Rc8 26. Rb1 Bb5 27. Be2 c4
28. Be5 Ne8 29. Bg4 Ra8 30. Bd7 f6 31. Rxb5 Qa7 32. Be6+ Kg7 33. Bd4 Qe7 34.
Rb6 a5 35. Qb1 Qa3 36. Rb7+ Kh6 37. Be3+ g5 38. h4 Qd3 39. hxg5+ fxg5 40. Qxd3
cxd3 41. Rb3 Nd6 42. Rxd3 Nxe4 43. d6 Nf6 44. d7 1-0

[Event "2015 Lethbridge Open"]
[Site "Lethbridge"]
[Date "2015.04.12"]
[Round "5.6"]
[White "Schech, Roland"]
[Black "Panteluk, Steven"]
[Result "0-1"]
[WhiteElo "1593"]
[BlackElo "1780"]
[PlyCount "122"]
[EventDate "2015.04.11"]
[EventType "swiss"]
[EventRounds "5"]
[EventCountry "CAN"]

1. b3 Nf6 2. Bb2 g6 3. e4 d6 4. e5 dxe5 5. Bxe5 Bg7 6. Bb2 b6 7. Qf3 c6 8. Nc3
O-O 9. O-O-O Bg4 10. Qg3 Bxd1 11. Nxd1 Ne4 12. Qe3 Bxb2+ 13. Nxb2 Nf6 14. Nf3
Nbd7 15. d4 Re8 16. h3 Qc7 17. Bd3 e5 18. Nxe5 Nxe5 19. dxe5 Rxe5 20. Qd4 c5
21. Qc3 Rae8 22. g3 Nd5 23. Qd2 Nb4 24. a3 Qc6 25. Rg1 Nxd3+ 26. Nxd3 Re2 27.
Qc3 Qf3 28. Kb2 a6 29. h4 Rc8 30. g4 b5 31. Rg3 Qc6 32. Re3 Rxe3 33. fxe3 c4
34. Nb4 Qb7 35. Qf6 a5 36. Qa6 Qxa6 37. Nxa6 c3+ 38. Kb1 Re8 39. Nc7 Rxe3 40.
Nxb5 Re1+ 41. Ka2 Rc1 42. Nd4 Kg7 43. a4 h5 44. gxh5 gxh5 45. b4 axb4 46. Kb3
Kg6 47. Kxb4 Rd1 48. Nb3 Rh1 49. a5 Rxh4+ 50. Kb5 Re4 51. a6 h4 52. Nc5 Re2 53.
a7 Re8 54. Ne4 h3 55. Nf2 h2 56. Kc4 Ra8 57. Kxc3 Rxa7 58. Kd4 Ra1 59. c4 Rf1
60. Nh1 Rxh1 61. c5 Rd1+ 0-1

[Event "2015 Lethbridge Open"]
[Site "Lethbridge"]
[Date "2015.04.12"]
[Round "5.7"]
[White "Szulski, Adam"]
[Black "Davis-Imhof, Peter"]
[Result "1-0"]
[WhiteElo "1745"]
[BlackElo "1608"]
[PlyCount "97"]
[EventDate "2015.04.11"]
[EventType "swiss"]
[EventRounds "5"]
[EventCountry "CAN"]

1. e4 c5 2. Nf3 Nc6 3. d4 cxd4 4. Nxd4 e5 5. Nf3 Nf6 6. Bd3 Be7 7. O-O O-O 8.
c4 b6 9. a3 Bb7 10. Nc3 d6 11. Qc2 Rc8 12. Nd5 Nxd5 13. exd5 Nb8 14. Bxh7+ Kh8
15. Bd3 Bxd5 16. Qe2 Bb7 17. b3 f5 18. Ne1 e4 19. Bc2 Bf6 20. Ra2 Kg8 21. Qh5
Be5 22. Bg5 Qe8 23. Qh4 Bf6 24. b4 Bxg5 25. Qxg5 Rf6 26. Bb3 Qf7 27. Qf4 g5 28.
Qxg5+ Rg6 29. Qf4 Kg7 30. Qe3 Qf6 31. Nc2 f4 32. Qd4 Qxd4 33. Nxd4 Kf6 34. Nb5
f3 35. g3 Rh8 36. Rd1 Ke5 37. Rad2 Rgh6 38. h4 e3 39. fxe3 Rg8 40. Kf2 Rhg6 41.
Rg1 a6 42. Nxd6 Rxd6 43. Rxd6 Kxd6 44. c5+ bxc5 45. bxc5+ Kxc5 46. Bxg8 Nd7 47.
Rc1+ Kd6 48. Rd1+ Kc7 49. Bd5 1-0

[Event "2015 Lethbridge Open"]
[Site "Lethbridge"]
[Date "2015.04.12"]
[Round "5.9"]
[White "Scholz, Mike"]
[Black "Mikusek, Jerry"]
[Result "0-1"]
[WhiteElo "1440"]
[BlackElo "1518"]
[PlyCount "64"]
[EventDate "2015.04.11"]
[EventType "swiss"]
[EventRounds "5"]
[EventCountry "CAN"]

1. Nf3 b6 2. e3 Bb7 3. Be2 e6 4. d3 c5 5. O-O Be7 6. e4 d5 7. e5 Nc6 8. Nc3 Nh6
9. Bxh6 gxh6 10. Qd2 Bg5 11. Nxg5 Qxg5 12. Qxg5 hxg5 13. Nb5 Ke7 14. Nd6 Ba6
15. c4 Nxe5 16. Nb5 Bxb5 17. cxb5 h5 18. Rac1 d4 19. f4 gxf4 20. Rxf4 h4 21. b3
Rag8 22. h3 Rg3 23. Rcf1 Rhg8 24. Bg4 f5 25. R1f2 fxg4 26. hxg4 R8xg4 27. Rxg4
Rxg4 28. Kh2 Nxd3 29. Rf3 Ne1 30. Kh3 Rxg2 31. Rf1 Re2 32. Kxh4 d3 0-1

[Event "2015 Lethbridge Open"]
[Site "Lethbridge"]
[Date "2015.04.12"]
[Round "5.10"]
[White "Viminitz, Paul"]
[Black "Berndtsson, Kurt"]
[Result "0-1"]
[WhiteElo "1538"]
[BlackElo "1271"]
[PlyCount "64"]
[EventDate "2015.04.11"]
[EventType "swiss"]
[EventRounds "5"]
[EventCountry "CAN"]

1. Nf3 c5 2. g3 Nc6 3. Bg2 Nf6 4. b3 g6 5. Bb2 Bg7 6. O-O O-O 7. d3 d6 8. Nbd2
Bg4 9. c4 Qd7 10. a3 Bh3 11. Qc2 Rab8 12. e4 Bxg2 13. Kxg2 e5 14. Rfe1 h5 15.
Nf1 Rfe8 16. Ne3 Nd4 17. Nxd4 exd4 18. Nd5 h4 19. h3 hxg3 20. fxg3 Re5 21.
Nxf6+ Bxf6 22. Rf1 Kg7 23. Bc1 Rh8 24. g4 g5 25. Rf5 Qe7 26. Qf2 Rh6 27. Bd2
Rg6 28. Rf1 a6 29. Bxg5 Rxf5 30. exf5 Rxg5 31. Re1 Qf8 32. Qf4 Kh7 0-1